AYURVEDA DARSAN FOR THE USEFUL PORTION OF CARAKA SUSRUTA AND VAGBHATA (Record no. 8589)

MARC details
000 -LEADER
fixed length control field 00329nam a22001337a 4500
003 - CONTROL NUMBER IDENTIFIER
control field SGT
082 ## - DEWEY DECIMAL CLASSIFICATION NUMBER
Classification number 615.538
Item number A02S
100 ## - MAIN ENTRY--PERSONAL NAME
Personal name SHUKLA.S.V
245 ## - TITLE STATEMENT
Title AYURVEDA DARSAN FOR THE USEFUL PORTION OF CARAKA SUSRUTA AND VAGBHATA
260 ## - PUBLICATION, DISTRIBUTION, ETC. (IMPRINT)
Place of publication, distribution, etc VARANASI
Name of publisher, distributor, etc CHAUKHAMBHA PUB
Year of Publication 2002
300 ## - PAGE DESCRIPTION
No. of Pages 154
650 ## - SUBJECT ADDED ENTRY--TOPICAL TERM
Topical term or geographic name as entry element AYURVEDA
942 ## - ADDED ENTRY ELEMENTS (KOHA)
Source of classification or shelving scheme Dewey Decimal Classification
Koha item type Books
Holdings
Withdrawn status Lost status Source of classification or shelving scheme Damaged status Not for loan Collection code Home library Current library Shelving location Date acquired Vendor Name Cost, normal purchase price SGTU Bill Number Total Checkouts Full call number Accession No. (Barcode) Date last seen Bill Date Koha item type
    Dewey Decimal Classification     AYURVEDA SGT FA-FP Library SGT FA-FP Library Text Book 25/03/2016 CHAUKHAMBHA 125.00 SGTU CP/B/776   615.538 A02S FA4425 25/03/2016 05/01/2016 Books